Responses for Show #5375 - Friday, January 11, 2008

Contestants

[<< previous game]

Shauna Redmond, a librarian from Glendale, California

Angela Ruediger, a college instructor from Lemoyne, Pennsylvania

Anna Rodriguez, a critical care nurse from Denver, Colorado (whose 1-day cash winnings total $799)

[next game >>]

Jeopardy! Round responses

A TRIP TO RIO DE JANEIRO
MATH ROCK
WORKING ON MY CLASSIC CAR
STATE THE GOVERNOR
WE CAN DANCE IF WE WANT TO
"POP" CULTURE
    $200 11
Ipanema

Shauna
    $200 12
denominator

Angela
    $200 21
the distributor

Anna
    $200 23
Florida

Angela
    $200 1
the polka

Anna
    $200 6
popcorn

Anna
    $400 13
a samba

Shauna
    $400 14
zero

Shauna
    $400 22
the transmission

Angela
    $400 24
(Anna: What is [*]?
Alex: Yes, that was Arnold--not a good impression.)

California

Anna
    $400 2
a square dance

Anna
    $400 7
(Shauna: [Rings in, then holds hands up] Sorry. I--
Alex: Oops.)

a pop fly

AngelaShauna
    $600 18
Carmen Miranda

Shauna
    $600 15
pi

Shauna
    $600 28
a timing gun

Anna
    $600 25
Louisiana

Anna
    $600 3
the Charleston

Angela
    $600 8
a poplar

Anna
    $800 19
art deco style

Triple Stumper
    $800 16
three

Angela
    $800 29
a thermostat

Shauna
    $800 26
New Jersey

Anna
    $800 4
the waltz

Angela
    $800 9
(Shauna: What's a lollipop?)

a popsicle

AngelaShauna
    $1000 20
(Alex: And that word, which I am sure you are familiar with, is [*].)

carioca

Triple Stumper
    $1000 17
Haircut 100

Shauna
    $1000 30
a torque wrench

Triple Stumper
    $1,000 27
(Anna: What is Ohio?)

Massachusetts

Anna
    $1000 5
the conga

Anna
    $1000 10
Populist

Angela

Scores at the first commercial break (after clue 15):

Anna Angela Shauna
$2,400 $3,800 $400

Scores at the end of the Jeopardy! Round:

Anna Angela Shauna
$4,000 $5,200 $2,800

Double Jeopardy! Round responses

AT THE BAKERY
CRESCENT CITY ROLES
BEAR CLAUSE
DANISH
TARTS
HOT CROSS PUNS
    $400 1
potato flour

Anna
    $400 6
Lafitte

Anna
    $400 8
Winnie the Pooh

Angela
    $400 17
Viking

Shauna
    $400 13
Salome

Anna
    $400 26
They were marooned

Angela
    $800 2
(Alex: They put [*] in 'em.)

eggs

Triple Stumper
    $800 7
Mars

Shauna
    $800 9
Gentle Ben

Shauna
    $800 18
Lego

Anna
    $800 22
(Alex: Yeah, sounds weird, doesn't it?)

Gomer

Angela
    $800 27
(Anna: What is because it's hard to find a good man?)
(Angela: What is 'cause good men are hard to find?)
(Shauna: Uh - no.)
(Alex: You rang in, though, so we're going to have to penalize each of you for the same amount. No harm, no foul. Remember, the category is HOT CROSSED PUNS, and we have to keep consistent with what a pun is. [*]--that's the familiar expression.)

A Goodman [good man] is hard to find

AnnaAngelaShauna
Triple Stumper
    $1200 3
Florentine

Angela
    $1200 14
The Big Easy

Anna
    $1200 10
Paddington

Shauna
    $1200 19
windmills

Anna
    $1200 23
Lolita

Shauna
    $1200 28
(Angela: What is life?)

wife

AngelaShauna
    $1600 4
(Anna: What are scones?)

crumpets

AnnaShauna
    $1600 15
Jezebel

Anna
    $1600 11
William Faulkner

Angela
    $1,400 20
German

Anna
    $1600 24
Lady Godiva

Anna
    $1600 29
headlines

Angela
    $2,000 5
(Shauna: [sighs].)
(Alex: Nothing comes to mind? What is [*]? And I'm sure you've had one and enjoyed it.)

fritter

Shauna
    $2000 16
(Alex: Oh, it was a wonderful film--[*], directed by Norman Jewison--fellow Canadian.)

The Cincinnati Kid

Triple Stumper
    $2000 12
Dr. Moreau

Angela
    $2000 21
(Angela: What are the cliffs?)
(Alex: Be more specific.)
(Angela: What are [*]?)

the white cliffs

Angela
    $2000 25
(Shauna: Who was Gypsy Rose Lee?)

Blaze Starr

Shauna
Triple Stumper
    $2000 30
O-negative (A-negative, B-negative, AB-negative also acceptable)

Shauna

Scores at the end of the Double Jeopardy! Round:

Anna Angela Shauna
$10,600 $13,200 $7,200

[wagering suggestions for these scores]

Final Jeopardy! Round responses

OPERA INSPIRATIONS
(Alex: That panpipe was recently displayed in Vienna.)
...
(Alex: [revealing Shauna's response] You came up with [*] by Mozart. You are correct.)
ShaunaWhat is the Magic Flute?
$7,199
AnnaWhat is Tosca?
$3,401
AngelaWhat is The Magic Flute?
$10,000
The Magic Flute

Final scores:

Anna Angela Shauna
$7,199 $23,200 $14,399
3rd place: $1,000 New champion: $23,200 2nd place: $2,000

Game dynamics:

Coryat scores:

Anna Angela Shauna
$11,800 $13,200 $9,200
19 R
(including 1 DD),
3 W
(including 1 DD)
17 R,
2 W
15 R,
5 W
(including 1 DD)

Combined Coryat: $34,200

[game clues] [game scores] [suggest correction]

Game tape date: 2007-10-17
The J! Archive is created by fans, for fans. Scraping, republication, monetization, and malicious use prohibited; this site may use cookies and collect identifying information. See terms. The Jeopardy! game show and all elements thereof, including but not limited to copyright and trademark thereto, are the property of Jeopardy Productions, Inc. and are protected under law. This website is not affiliated with, sponsored by, or operated by Jeopardy Productions, Inc. Join the discussion at JBoard.tv.